Derecho de familia
Uloženo v:
| Hlavní autor: | |
|---|---|
| Médium: | Kniha |
| Jazyk: | španělština |
| Vydáno: |
Santiago
Thompson Reuters Puntolex
2011
|
| Edice: | Tratado de Jurisprudencia y Doctrina
|
| Témata: | |
| Tagy: |
Přidat tag
Žádné tagy, Buďte první, kdo vytvoří štítek k tomuto záznamu!
|
MARC
| LEADER | 00000nam a2200000 a 4500 | ||
|---|---|---|---|
| 001 | UCG6343 | ||
| 003 | CL-VaPUC | ||
| 005 | 20240402120829.0 | ||
| 008 | 110414e20110314CL |||||||||||||||||spa|d | ||
| 999 | |c 344600 |d 344598 | ||
| 020 | |a 9789563370805o.c | ||
| 020 | |a 9789563370812t.1 | ||
| 020 | |a 9789563370829t.2 | ||
| 020 | |a 9789563370836t.3 | ||
| 020 | |a 9789563370843t.4 | ||
| 040 | |c Pontificia Universidad Católica de Valparaíso | ||
| 082 | 0 | 4 | |a 346.83015 |b VEL |2 21 |
| 100 | 0 | |a Veloso Valenzuela, Paulina |e author |9 556481 | |
| 245 | 1 | 0 | |a Derecho de familia |
| 260 | |a Santiago |b Thompson Reuters Puntolex |c 2011 | ||
| 300 | |a t | ||
| 490 | 0 | |a Tratado de Jurisprudencia y Doctrina | |
| 500 | |a Revista Fallos del Mes | ||
| 583 | |a last modification |c 20110414 00:00:00 |k Rodrigo Vera | ||
| 650 | 0 | |a Derecho de familia |9 255603 | |
| 650 | 7 | |a MATRIMONIO |2 CL-VaPUC |9 556482 | |
| 650 | 0 | |a Familias |9 255641 | |
| 650 | 0 | |a Divorcio |9 256204 | |
| 650 | 0 | |a Sociedad conyugal |9 357527 | |
| 650 | 0 | |a Filiación |9 256647 | |
| 650 | 0 | |a Adopción |9 255783 | |
| 650 | 7 | |a CONCUBINATO |2 CL-VaPUC |9 385384 | |
| 650 | 0 | |a Violencia intrafamiliar |9 312986 | |
| 650 | 7 | |a FALLOS JUDICIALES |2 CL-VaPUC |9 404298 | |
| 942 | |c BK |2 ddc | ||
| 945 | |d 20110414 00:00:00 |a jcampos | ||
| 952 | |0 0 |1 0 |4 0 |6 346_830150000000000_VEL_2011 |7 0 |8 A |9 442658 |a BIBDER |b BIBDER |d 2019-11-22 |h t.1 |i 476675K |o 346.83015 VEL 2011 |p 476675K |r 2023-01-25 |w 2019-11-22 |y BK |k DER | ||
| 952 | |0 0 |1 0 |4 0 |6 346_830150000000000_VEL_2011 |7 0 |8 A |9 442659 |a BIBDER |b BIBDER |d 2019-11-22 |h t.2 |i 4766768 |o 346.83015 VEL 2011 |p 4766768 |r 2023-01-25 |w 2019-11-22 |y BK |k DER | ||
| 952 | |0 0 |1 0 |4 0 |6 346_830150000000000_VEL_2011 |7 0 |8 A |9 442660 |a BIBDER |b BIBDER |d 2019-11-22 |h t.3 |i 4766776 |o 346.83015 VEL 2011 |p 4766776 |r 2023-01-25 |w 2019-11-22 |y BK |k DER | ||
| 952 | |0 0 |1 0 |4 0 |6 346_830150000000000_VEL_2011 |7 0 |8 A |9 442661 |a BIBDER |b BIBDER |d 2019-11-22 |h t.4 |i 4766784 |o 346.83015 VEL 2011 |p 4766784 |r 2023-01-25 |w 2019-11-22 |y BK |k DER | ||